[Event "55th Ilmar raud Memorial"]
[Site "Viljandi, Estonia"]
[Date "2021.07.06"]
[Round "4.1"]
[White "Laurusas, Tomas"]
[Black "Pedoson, Georg Aleksander"]
[Result "1-0"]
[WhiteElo "2518"]
[BlackElo "2166"]

1. d4 {[%clk 01:30:58]} Nf6 {[%clk 01:30:15]} {[%emt 00:00:45]} 2. c4 {[%clk
01:30:29]} {[%emt 00:00:59]} g6 {[%clk 01:29:11]} {[%emt 00:01:34]} 3. Nc3
{[%clk 01:29:55]} {[%emt 00:01:04]} d5 {[%clk 01:28:21]} {[%emt 00:01:20]} 4.
cxd5 {[%emt 00:00:44]} Nxd5 {[%clk 01:28:46]} 5. e4 {[%clk 01:30:10]} {[%emt
00:00:06]} Nxc3 {[%clk 01:29:11]} {[%emt 00:00:05]} 6. bxc3 {[%clk 01:30:35]}
{[%emt 00:00:05]} c5 {[%clk 01:29:37]} {[%emt 00:00:04]} 7. Nf3 {[%clk
01:27:49]} {[%emt 00:03:15]} Bg7 {[%clk 01:29:19]} {[%emt 00:00:47]} 8. Be3
{[%clk 01:28:12]} {[%emt 00:00:07]} O-O {[%clk 01:28:45]} {[%emt 00:01:04]} 9.
Be2 {[%clk 01:28:25]} {[%emt 00:00:18]} Qc7 {[%clk 01:26:57]} {[%emt 00:02:18]}
10. O-O {[%clk 01:28:28]} {[%emt 00:00:27]} Rd8 {[%clk 01:10:48]} {[%emt
00:16:39]} 11. h3 {[%clk 01:23:22]} {[%emt 00:05:36]} Nc6 {[%clk 01:02:40]}
{[%emt 00:08:38]} 12. Rc1 {[%clk 01:15:21]} {[%emt 00:08:31]} Na5 {[%clk
00:57:55]} {[%emt 00:05:15]} 13. Qd2 {[%clk 01:13:44]} {[%emt 00:02:07]} a6
{[%clk 00:52:19]} {[%emt 00:06:06]} 14. Bf4 {[%clk 01:00:39]} {[%emt 00:13:35]}
e5 {[%clk 00:39:21]} {[%emt 00:13:28]} 15. Bg3 {[%clk 01:00:26]} {[%emt
00:00:43]} Qe7 {[%clk 00:38:30]} {[%emt 00:01:20]} 16. Rfd1 {[%clk 00:32:47]}
{[%emt 00:28:09]} Nc6 {[%clk 00:33:15]} {[%emt 00:05:45]} 17. d5 {[%clk
00:32:51]} {[%emt 00:00:26]} f6 {[%clk 00:24:53]} {[%emt 00:08:52]} 18. Qb2
{[%clk 00:31:15]} {[%emt 00:02:07]} Nb8 {[%clk 00:22:16]} {[%emt 00:03:07]} 19.
a4 {[%clk 00:24:27]} {[%emt 00:07:18]} Bh6 {[%clk 00:19:23]} {[%emt 00:03:22]}
20. Rb1 {[%clk 00:24:05]} {[%emt 00:00:52]} Rd6 {[%clk 00:17:44]} {[%emt
00:02:08]} 21. a5 {[%clk 00:19:31]} {[%emt 00:05:05]} Nd7 {[%clk 00:17:03]}
{[%emt 00:01:11]} 22. Qa3 {[%clk 00:18:41]} {[%emt 00:01:20]} Rb8 {[%clk
00:15:46]} {[%emt 00:01:47]} 23. Nd2 {[%clk 00:18:58]} {[%emt 00:00:13]} b5
{[%clk 00:14:28]} {[%emt 00:01:48]} 24. axb6 {[%clk 00:19:13]} {[%emt
00:00:15]} Bxd2 {[%clk 00:14:52]} {[%emt 00:00:05]} 25. Rxd2 {[%clk 00:19:04]}
{[%emt 00:00:39]} Rdxb6 {[%clk 00:15:17]} {[%emt 00:00:05]} 26. Rxb6 {[%clk
00:18:58]} {[%emt 00:00:36]} Rxb6 {[%clk 00:15:35]} {[%emt 00:00:13]} 27. Bg4
{[%clk 00:19:05]} {[%emt 00:00:22]} Kg7 {[%clk 00:14:44]} {[%emt 00:01:20]} 28.
Qa5 {[%clk 00:16:38]} {[%emt 00:02:58]} Qd6 {[%clk 00:13:17]} {[%emt 00:01:57]}
29. Rd1 {[%clk 00:16:01]} {[%emt 00:01:07]} Kf7 {[%clk 00:09:20]} {[%emt
00:04:27]} 30. f3 {[%clk 00:14:55]} {[%emt 00:01:36]} Ke7 {[%clk 00:09:12]}
{[%emt 00:00:39]} 31. Bf2 {[%clk 00:12:03]} {[%emt 00:03:22]} Rb5 {[%clk
00:09:31]} {[%emt 00:00:11]} 32. Qa2 {[%clk 00:12:02]} {[%emt 00:00:31]} Nb6
{[%clk 00:09:14]} {[%emt 00:00:47]} 33. c4 {[%clk 00:10:02]} {[%emt 00:02:30]}
Rb4 {[%clk 00:09:16]} {[%emt 00:00:28]} 34. Bxc8 {[%clk 00:09:36]} {[%emt
00:00:56]} Nxc8 {[%clk 00:09:40]} {[%emt 00:00:06]} 35. Qa5 {[%clk 00:10:02]}
{[%emt 00:00:05]} Rxc4 {[%clk 00:09:59]} {[%emt 00:00:11]} 36. Rb1 {[%clk
00:10:29]} {[%emt 00:00:02]} h5 {[%clk 00:03:33]} {[%emt 00:06:55]} 37. Rb7+
{[%clk 00:10:31]} {[%emt 00:00:29]} Ke8 {[%clk 00:03:58]} {[%emt 00:00:05]} 38.
Rc7 {[%clk 00:08:04]} {[%emt 00:02:57]} Nb6 {[%clk 00:04:20]} {[%emt 00:00:09]}
39. Rc6 {[%clk 00:08:24]} {[%emt 00:00:10]} 1-0

[Event "55th Ilmar raud Memorial"]
[Site "Viljandi, Estonia"]
[Date "2021.07.06"]
[Round "4.2"]
[White "Miezis, Normunds"]
[Black "Pultinevicius, Paulius"]
[Result "0-1"]
[WhiteElo "2472"]
[BlackElo "2492"]

1. c4 {[%clk 01:30:55]} {[%emt 00:00:03]} c6 {[%clk 01:30:56]} {[%emt
00:00:05]} 2. e4 {[%clk 01:30:53]} {[%emt 00:00:31]} d5 {[%clk 01:31:23]}
{[%emt 00:00:04]} 3. cxd5 {[%clk 01:31:11]} {[%emt 00:00:12]} cxd5 {[%clk
01:31:50]} {[%emt 00:00:03]} 4. exd5 {[%clk 01:31:27]} {[%emt 00:00:13]} Nf6
{[%clk 01:32:16]} {[%emt 00:00:04]} 5. Nc3 {[%clk 01:30:15]} {[%emt 00:01:42]}
Nxd5 {[%clk 01:32:42]} {[%emt 00:00:05]} 6. Nf3 {[%clk 01:29:28]} {[%emt
00:01:16]} Nxc3 {[%clk 01:33:03]} {[%emt 00:00:09]} 7. bxc3 {[%clk 01:29:17]}
{[%emt 00:00:41]} g6 {[%clk 01:33:29]} {[%emt 00:00:05]} 8. d4 {[%clk
01:26:08]} {[%emt 00:03:38]} Bg7 {[%clk 01:33:03]} {[%emt 00:00:56]} 9. Be3
{[%clk 01:26:08]} {[%emt 00:00:29]} Nc6 {[%clk 01:30:28]} {[%emt 00:03:06]} 10.
Be2 {[%clk 01:17:49]} {[%emt 00:08:48]} O-O {[%clk 01:30:42]} {[%emt 00:00:16]}
11. O-O {[%clk 01:16:26]} {[%emt 00:01:53]} Qc7 {[%clk 01:23:44]} {[%emt
00:07:29]} 12. d5 {[%clk 01:11:29]} {[%emt 00:05:27]} Ne5 {[%clk 01:08:14]}
{[%emt 00:16:00]} 13. Rc1 {[%clk 01:03:11]} {[%emt 00:08:48]} Nc4 {[%clk
01:06:39]} {[%emt 00:02:05]} 14. Bg5 {[%clk 01:00:56]} {[%emt 00:02:45]} e6
{[%clk 00:49:13]} {[%emt 00:17:56]} 15. Bxc4 {[%clk 00:50:47]} {[%emt
00:10:39]} Qxc4 {[%clk 00:49:40]} {[%emt 00:00:04]} 16. Be7 {[%clk 00:51:02]}
{[%emt 00:00:14]} Re8 {[%clk 00:50:07]} {[%emt 00:00:04]} 17. d6 {[%clk
00:51:14]} {[%emt 00:00:18]} Bd7 {[%clk 00:50:12]} {[%emt 00:00:25]} 18. Re1
{[%clk 00:51:06]} {[%emt 00:00:37]} Qc5 {[%clk 00:43:17]} {[%emt 00:07:26]} 19.
Qe2 {[%clk 00:43:46]} {[%emt 00:07:50]} Rxe7 {[%clk 00:39:02]} {[%emt
00:04:46]} 20. dxe7 {[%clk 00:43:57]} {[%emt 00:00:18]} Qxe7 {[%clk 00:39:24]}
{[%emt 00:00:08]} 21. Ne5 {[%clk 00:39:04]} {[%emt 00:05:22]} Be8 {[%clk
00:39:50]} {[%emt 00:00:05]} 22. c4 {[%clk 00:38:58]} {[%emt 00:00:35]} Rc8
{[%clk 00:40:06]} {[%emt 00:00:14]} 23. Qe3 {[%clk 00:35:07]} {[%emt 00:04:21]}
b6 {[%clk 00:39:59]} {[%emt 00:00:38]} 24. f4 {[%clk 00:29:45]} {[%emt
00:05:50]} h5 {[%clk 00:32:58]} {[%emt 00:07:31]} 25. Kh1 {[%clk 00:29:25]}
{[%emt 00:00:49]} Rc5 {[%clk 00:29:47]} {[%emt 00:03:42]} 26. Nd3 {[%clk
00:26:03]} {[%emt 00:03:52]} Ra5 {[%clk 00:29:15]} {[%emt 00:01:02]} 27. c5
{[%clk 00:24:36]} {[%emt 00:01:57]} bxc5 {[%clk 00:28:17]} {[%emt 00:01:27]} 28.
f5 {[%clk 00:16:08]} {[%emt 00:08:59]} gxf5 {[%clk 00:24:28]} {[%emt 00:04:18]}
29. Rxc5 {[%clk 00:15:38]} {[%emt 00:01:01]} Rxa2 {[%clk 00:18:25]} {[%emt
00:06:33]} 30. Rxf5 {[%clk 00:15:39]} {[%emt 00:00:28]} Ra3 {[%clk 00:09:55]}
{[%emt 00:09:02]} 31. Qe4 {[%clk 00:12:01]} {[%emt 00:04:06]} Qd6 {[%clk
00:09:07]} {[%emt 00:01:19]} 32. Qa8 {[%clk 00:07:37]} {[%emt 00:04:54]} exf5
{[%clk 00:08:33]} {[%emt 00:01:04]} 33. Qxe8+ {[%clk 00:07:50]} {[%emt
00:00:16]} Kh7 {[%clk 00:08:00]} {[%emt 00:01:04]} 34. Nf2 {[%clk 00:08:11]}
{[%emt 00:00:09]} Qd2 {[%clk 00:07:28]} {[%emt 00:01:02]} 35. Rg1 {[%clk
00:03:48]} {[%emt 00:04:53]} Qxf2 {[%clk 00:07:34]} {[%emt 00:00:25]} 36. Qxf7
{[%clk 00:04:10]} {[%emt 00:00:08]} Ra6 {[%clk 00:04:58]} {[%emt 00:03:06]} 0-1

[Event "55th Ilmar raud Memorial"]
[Site "Viljandi, Estonia"]
[Date "2021.07.06"]
[Round "4.3"]
[White "Shishkov, Andrei"]
[Black "Kanep, Meelis"]
[Result "1/2-1/2"]
[WhiteElo "2405"]
[BlackElo "2432"]

1. d4 {[%clk 01:30:59]} d5 {[%clk 01:29:53]} {[%emt 00:01:07]} 2. c4 {[%clk
01:31:24]} {[%emt 00:00:05]} c6 {[%clk 01:30:03]} {[%emt 00:00:20]} 3. e3
{[%clk 01:31:48]} {[%emt 00:00:06]} Nf6 {[%clk 01:30:01]} {[%emt 00:00:31]} 4.
Nc3 {[%clk 01:32:14]} {[%emt 00:00:04]} e6 {[%clk 01:29:43]} {[%emt 00:00:49]}
5. b3 {[%clk 01:32:35]} {[%emt 00:00:09]} Nbd7 {[%clk 01:27:03]} {[%emt
00:03:09]} 6. Bb2 {[%clk 01:32:55]} {[%emt 00:00:11]} b6 {[%clk 01:21:24]}
{[%emt 00:06:09]} 7. Bd3 {[%clk 01:30:34]} {[%emt 00:02:50]} Bb7 {[%clk
01:21:08]} {[%emt 00:00:47]} 8. Nf3 {[%clk 01:27:01]} {[%emt 00:04:03]} Bd6
{[%clk 01:19:01]} {[%emt 00:02:36]} 9. O-O {[%clk 01:26:20]} {[%emt 00:01:11]}
O-O {[%clk 01:19:22]} {[%emt 00:00:06]} 10. Qe2 {[%clk 01:25:32]} {[%emt
00:01:21]} c5 {[%clk 01:11:52]} {[%emt 00:08:00]} 11. cxd5 {[%clk 01:24:00]}
{[%emt 00:02:03]} exd5 {[%clk 01:09:09]} {[%emt 00:03:12]} 12. Rfd1 {[%clk
01:17:00]} {[%emt 00:07:29]} a6 {[%clk 01:02:04]} {[%emt 00:07:36]} 13. Rac1
{[%clk 01:16:15]} {[%emt 00:01:15]} Qe7 {[%clk 00:56:45]} {[%emt 00:05:49]} 14.
Bf5 {[%clk 00:59:46]} {[%emt 00:16:59]} cxd4 {[%clk 00:53:26]} {[%emt
00:03:50]} 15. Nxd4 {[%clk 00:56:39]} {[%emt 00:03:36]} Nc5 {[%clk 00:47:53]}
{[%emt 00:06:03]} 16. g3 {[%clk 00:47:55]} {[%emt 00:09:14]} g6 {[%clk
00:44:59]} {[%emt 00:03:24]} 17. Bh3 {[%clk 00:36:40]} {[%emt 00:11:44]} Rad8
{[%clk 00:36:36]} {[%emt 00:08:53]} 18. Na4 {[%clk 00:26:20]} {[%emt 00:10:50]}
Nxa4 {[%clk 00:31:53]} {[%emt 00:05:13]} 19. bxa4 {[%clk 00:26:48]} {[%emt
00:00:02]} Bc5 {[%clk 00:28:23]} {[%emt 00:04:00]} 20. a5 {[%clk 00:25:09]}
{[%emt 00:02:09]} Ne4 {[%clk 00:26:57]} {[%emt 00:01:56]} 21. axb6 {[%clk
00:24:45]} {[%emt 00:00:55]} Bxb6 {[%clk 00:26:22]} {[%emt 00:01:04]} 22. Ba1
{[%clk 00:22:22]} {[%emt 00:02:53]} Rd6 {[%clk 00:21:06]} {[%emt 00:05:46]} 23.
Bg2 {[%clk 00:10:30]} {[%emt 00:12:22]} Re8 {[%clk 00:14:53]} {[%emt 00:06:43]}
24. Rd3 {[%clk 00:06:43]} {[%emt 00:04:17]} f6 {[%clk 00:12:42]} {[%emt
00:02:40]} 25. Rb3 {[%clk 00:06:43]} {[%emt 00:00:30]} Ba8 {[%clk 00:09:15]}
{[%emt 00:03:58]} 26. Rc2 {[%clk 00:04:29]} {[%emt 00:02:43]} Qd7 {[%clk
00:07:57]} {[%emt 00:01:48]} 27. Bb2 {[%clk 00:04:14]} {[%emt 00:00:45]} Qa7
{[%clk 00:03:39]} {[%emt 00:04:48]} 28. Ra3 {[%clk 00:03:53]} {[%emt 00:00:51]}
Qb8 {[%clk 00:02:20]} {[%emt 00:01:49]} 29. Rb3 {[%clk 00:01:50]} {[%emt
00:02:34]} Qa7 {[%clk 00:02:36]} {[%emt 00:00:13]} 30. Ra3 {[%clk 00:02:13]}
{[%emt 00:00:07]} Qb8 {[%clk 00:03:01]} {[%emt 00:00:05]} 31. Rb3 {[%clk
00:01:06]} {[%emt 00:01:37]} Qa7 {[%emt 00:00:29]} 32. Ba3 {[%emt 00:00:19]}
Bxd4 {[%emt 00:00:09]} 33. Rc6 {[%emt 00:00:42]} Bb6 {[%emt 00:00:30]} 1/2-1/2

[Event "55th Ilmar raud Memorial"]
[Site "Viljandi, Estonia"]
[Date "2021.07.06"]
[Round "4.4"]
[White "Seeman, Tarvo"]
[Black "Shvyrjov, Igor"]
[Result "1/2-1/2"]
[WhiteElo "2411"]
[BlackElo "2382"]

1. e4 {[%clk 01:30:56]} {[%emt 00:00:03]} d5 {[%clk 01:30:26]} {[%emt
00:00:34]} 2. exd5 {[%clk 01:30:57]} {[%emt 00:00:30]} Qxd5 {[%clk 01:30:55]} 3.
d4 {[%clk 01:26:34]} {[%emt 00:04:53]} Nf6 {[%clk 01:21:13]} {[%emt 00:10:12]}
4. Nf3 {[%clk 01:20:48]} {[%emt 00:06:16]} Bg4 {[%clk 01:16:44]} {[%emt
00:04:59]} 5. Be2 {[%clk 01:21:08]} {[%emt 00:00:10]} c6 {[%clk 01:13:44]}
{[%emt 00:03:31]} 6. O-O {[%clk 01:19:44]} {[%emt 00:01:54]} e6 {[%clk
01:12:43]} {[%emt 00:01:31]} 7. Bf4 {[%clk 01:09:37]} {[%emt 00:10:36]} Be7
{[%clk 01:08:59]} {[%emt 00:04:14]} 8. Nbd2 {[%clk 01:06:14]} {[%emt 00:03:54]}
O-O {[%clk 01:08:46]} {[%emt 00:00:43]} 9. h3 {[%clk 01:05:29]} {[%emt
00:01:15]} Bxf3 {[%clk 01:05:06]} {[%emt 00:04:10]} 10. Nxf3 {[%clk 01:05:10]}
{[%emt 00:00:49]} a5 {[%clk 00:58:21]} {[%emt 00:07:14]} 11. c4 {[%clk
00:55:10]} {[%emt 00:10:30]} Qd8 {[%clk 00:58:31]} {[%emt 00:00:20]} 12. Qb3
{[%clk 00:55:26]} {[%emt 00:00:15]} Ra7 {[%clk 00:56:22]} {[%emt 00:02:38]} 13.
a3 {[%clk 00:54:31]} {[%emt 00:01:26]} a4 {[%clk 00:55:16]} {[%emt 00:01:37]}
14. Qc2 {[%clk 00:54:46]} {[%emt 00:00:14]} Qa5 {[%clk 00:53:24]} {[%emt
00:02:21]} 15. Ne5 {[%clk 00:44:32]} {[%emt 00:10:44]} Rd8 {[%clk 00:50:31]}
{[%emt 00:03:24]} 16. Rad1 {[%clk 00:42:53]} {[%emt 00:02:10]} Nbd7 {[%clk
00:43:21]} {[%emt 00:07:40]} 17. Bf3 {[%clk 00:35:51]} {[%emt 00:07:32]} Nxe5
{[%clk 00:42:49]} {[%emt 00:01:02]} 18. Bxe5 {[%clk 00:35:15]} {[%emt
00:01:06]} Raa8 {[%clk 00:41:02]} {[%emt 00:02:16]} 19. Rd3 {[%clk 00:32:38]}
{[%emt 00:03:08]} Nd7 {[%clk 00:37:34]} {[%emt 00:03:58]} 20. Bg3 {[%clk
00:29:36]} {[%emt 00:03:31]} Rac8 {[%clk 00:36:22]} {[%emt 00:01:41]} 21. Rfd1
{[%clk 00:26:59]} {[%emt 00:03:08]} e5 {[%clk 00:27:08]} {[%emt 00:09:44]} 22.
Qe2 {[%clk 00:24:35]} {[%emt 00:02:53]} Re8 {[%clk 00:19:42]} {[%emt 00:07:56]}
23. Bg4 {[%clk 00:24:36]} {[%emt 00:00:30]} e4 {[%clk 00:16:08]} {[%emt
00:04:04]} 24. Bxd7 {[%clk 00:22:19]} {[%emt 00:02:47]} exd3 {[%clk 00:16:28]}
{[%emt 00:00:10]} 25. Rxd3 {[%clk 00:21:46]} {[%emt 00:01:04]} Rcd8 {[%clk
00:10:30]} {[%emt 00:06:27]} 26. Bxe8 {[%clk 00:22:07]} {[%emt 00:00:09]} Rxe8
{[%clk 00:10:59]} {[%emt 00:00:01]} 27. Re3 {[%clk 00:14:23]} {[%emt 00:08:13]}
Qd8 {[%clk 00:11:02]} {[%emt 00:00:28]} 28. d5 {[%clk 00:07:38]} {[%emt
00:07:16]} cxd5 {[%clk 00:08:56]} {[%emt 00:02:35]} 29. cxd5 {[%clk 00:08:04]}
{[%emt 00:00:05]} Kf8 {[%clk 00:09:18]} {[%emt 00:00:08]} 30. Qb5 {[%clk
00:07:53]} {[%emt 00:00:40]} h5 {[%clk 00:08:37]} {[%emt 00:01:11]} 31. d6
{[%clk 00:05:54]} {[%emt 00:02:29]} Bf6 {[%clk 00:08:52]} {[%emt 00:00:15]} 32.
Qxh5 {[%clk 00:03:04]} {[%emt 00:03:20]} g6 {[%clk 00:08:59]} {[%emt 00:00:23]}
33. Qb5 {[%clk 00:02:55]} {[%emt 00:00:39]} Rxe3 {[%clk 00:09:01]} {[%emt
00:00:28]} 34. fxe3 {[%clk 00:03:22]} {[%emt 00:00:03]} Qe8 {[%clk 00:09:16]}
{[%emt 00:00:15]} 35. d7 {[%clk 00:00:45]} {[%emt 00:03:07]} Qxe3+ {[%clk
00:09:20]} {[%emt 00:00:25]} 36. Kh2 {[%clk 00:00:55]} {[%emt 00:00:19]} Kg7
{[%clk 00:08:07]} {[%emt 00:01:43]} 37. h4 {[%clk 00:00:59]} {[%emt 00:00:27]}
Qd4 {[%clk 00:04:31]} {[%emt 00:04:06]} 38. Qxb7 {[%clk 00:00:49]} {[%emt
00:00:40]} Bxh4 {[%clk 00:04:45]} {[%emt 00:00:15]} 39. Bc7 {[%clk 00:00:47]}
{[%emt 00:00:33]} Bf6 {[%clk 00:04:58]} {[%emt 00:00:18]} 40. Bg3 {[%clk
00:15:49]} {[%emt 00:00:28]} Bh4 {[%clk 00:17:10]} {[%emt 00:03:18]} 41. Qc7
{[%clk 00:15:04]} {[%emt 00:01:15]} Bf6 {[%clk 00:17:05]} {[%emt 00:00:36]} 42.
Qc6 {[%clk 00:11:43]} {[%emt 00:03:51]} Qd1 {[%clk 00:12:28]} {[%emt 00:05:07]}
43. Qb5 {[%clk 00:10:48]} {[%emt 00:01:25]} Kf8 {[%clk 00:11:01]} {[%emt
00:01:56]} 44. Qc5+ {[%clk 00:06:17]} {[%emt 00:05:02]} Kg7 {[%clk 00:09:29]}
{[%emt 00:02:02]} 45. Qb5 {[%clk 00:01:45]} {[%emt 00:05:03]} Kf8 {[%clk
00:09:13]} {[%emt 00:00:45]} 46. Bc7 {[%clk 00:01:01]} {[%emt 00:01:14]} Kg7
{[%clk 00:08:49]} {[%emt 00:00:54]} 47. Kg3 {[%clk 00:00:36]} {[%emt 00:00:54]}
Qd4 {[%clk 00:05:31]} {[%emt 00:03:49]} 48. d8=Q {[%clk 00:00:34]} {[%emt
00:00:32]} Qh4+ {[%clk 00:04:29]} {[%emt 00:01:32]} 49. Kf3 {[%clk 00:01:00]}
{[%emt 00:00:04]} Bxd8 {[%clk 00:04:29]} {[%emt 00:00:31]} 50. Bxd8 {[%clk
00:00:49]} {[%emt 00:00:41]} Qxd8 {[%clk 00:04:51]} {[%emt 00:00:08]} 51. Qxa4
{[%clk 00:01:12]} {[%emt 00:00:08]} Qf6+ {[%clk 00:05:13]} {[%emt 00:00:07]} 52.
Kg3 {[%clk 00:01:27]} {[%emt 00:00:13]} Qxb2 {[%clk 00:05:21]} {[%emt
00:00:24]} 53. Qb4 {[%clk 00:01:46]} {[%emt 00:00:12]} Qe5+ {[%clk 00:05:38]}
{[%emt 00:00:13]} 54. Kf2 {[%clk 00:01:29]} {[%emt 00:00:47]} f5 {[%clk
00:04:25]} {[%emt 00:01:43]} 55. a4 {[%clk 00:01:43]} {[%emt 00:00:16]} f4
{[%clk 00:04:23]} {[%emt 00:00:31]} 56. a5 {[%clk 00:01:56]} {[%emt 00:00:17]}
Qe3+ {[%clk 00:04:41]} {[%emt 00:00:11]} 57. Kf1 {[%clk 00:02:22]} {[%emt
00:00:04]} Qc1+ {[%clk 00:04:49]} {[%emt 00:00:22]} 58. Kf2 {[%clk 00:01:58]}
{[%emt 00:00:54]} Qe3+ {[%clk 00:05:06]} {[%emt 00:00:14]} 59. Kf1 {[%clk
00:01:58]} {[%emt 00:00:30]} Qc1+ {[%clk 00:05:31]} {[%emt 00:00:05]} 1/2-1/2

[Event "55th Ilmar raud Memorial"]
[Site "Viljandi, Estonia"]
[Date "2021.07.06"]
[Round "4.6"]
[White "Rychagov, Nikita"]
[Black "Kiik, Kalle"]
[Result "0-1"]
[WhiteElo "1905"]
[BlackElo "2382"]

1. e4 {[%clk 01:30:58]} {[%emt 00:00:02]} g6 {[%clk 01:29:19]} {[%emt
00:01:40]} 2. d4 {[%clk 01:31:12]} {[%emt 00:00:17]} Bg7 {[%clk 01:29:42]}
{[%emt 00:00:05]} 3. Nc3 {[%clk 01:31:39]} {[%emt 00:00:05]} c6 {[%clk
01:29:18]} {[%emt 00:00:53]} 4. f4 {[%clk 01:31:12]} {[%emt 00:00:58]} d5
{[%clk 01:29:37]} {[%emt 00:00:10]} 5. e5 {[%clk 01:31:30]} {[%emt 00:00:13]}
Nh6 {[%clk 01:29:58]} {[%emt 00:00:07]} 6. Nf3 {[%clk 01:30:50]} {[%emt
00:01:12]} O-O {[%clk 01:30:03]} {[%emt 00:00:24]} 7. Bd3 {[%clk 01:22:51]}
{[%emt 00:08:30]} f6 {[%clk 01:28:18]} {[%emt 00:02:13]} 8. O-O {[%clk
01:15:09]} {[%emt 00:08:12]} Bg4 {[%clk 01:27:51]} {[%emt 00:00:56]} 9. h3
{[%clk 01:01:13]} {[%emt 00:14:28]} Bxf3 {[%clk 01:28:14]} {[%emt 00:00:07]} 10.
Qxf3 {[%clk 00:58:27]} {[%emt 00:03:17]} fxe5 {[%clk 01:17:34]} {[%emt
00:11:09]} 11. dxe5 {[%clk 00:58:52]} {[%emt 00:00:05]} Nd7 {[%clk 01:15:20]}
{[%emt 00:02:42]} 12. Qe2 {[%clk 00:55:23]} {[%emt 00:04:00]} Nf5 {[%clk
01:10:24]} {[%emt 00:05:26]} 13. Bxf5 {[%clk 00:55:42]} {[%emt 00:00:12]} gxf5
{[%clk 01:10:43]} {[%emt 00:00:10]} 14. Be3 {[%clk 00:54:32]} {[%emt 00:01:41]}
e6 {[%clk 01:11:06]} {[%emt 00:00:06]} 15. Qf2 {[%clk 00:54:12]} {[%emt
00:00:51]} Qe7 {[%clk 01:06:11]} {[%emt 00:05:24]} 16. Ne2 {[%clk 00:54:10]}
{[%emt 00:00:33]} c5 {[%clk 01:04:53]} {[%emt 00:01:48]} 17. c3 {[%clk
00:53:51]} {[%emt 00:00:49]} Rac8 {[%clk 01:04:07]} {[%emt 00:01:15]} 18. b3
{[%clk 00:52:45]} {[%emt 00:01:37]} Rf7 {[%clk 01:02:19]} {[%emt 00:02:17]} 19.
Kh1 {[%clk 00:46:43]} {[%emt 00:06:33]} Nf8 {[%clk 00:55:28]} {[%emt 00:07:20]}
20. Ng1 {[%clk 00:45:13]} {[%emt 00:02:01]} Ng6 {[%clk 00:54:58]} {[%emt
00:00:59]} 21. Nf3 {[%clk 00:44:39]} {[%emt 00:01:05]} Bh6 {[%clk 00:55:08]}
{[%emt 00:00:19]} 22. g3 {[%clk 00:44:49]} {[%emt 00:00:22]} b6 {[%clk
00:54:12]} {[%emt 00:01:26]} 23. Kh2 {[%clk 00:41:37]} {[%emt 00:03:42]} Kh8
{[%clk 00:52:51]} {[%emt 00:01:50]} 24. Rh1 {[%clk 00:39:44]} {[%emt 00:02:24]}
Qd7 {[%clk 00:51:15]} {[%emt 00:02:06]} 25. Rad1 {[%clk 00:38:19]} {[%emt
00:01:55]} Qc6 {[%clk 00:49:34]} {[%emt 00:02:10]} 26. h4 {[%clk 00:36:54]}
{[%emt 00:01:56]} Ne7 {[%clk 00:48:23]} {[%emt 00:01:40]} 27. c4 {[%clk
00:33:15]} {[%emt 00:04:10]} Rff8 {[%clk 00:45:50]} {[%emt 00:03:02]} 28. Rd3
{[%clk 00:30:07]} {[%emt 00:03:40]} Rcd8 {[%clk 00:44:21]} {[%emt 00:01:59]} 29.
Rhd1 {[%clk 00:30:12]} {[%emt 00:00:26]} Rd7 {[%clk 00:40:24]} {[%emt
00:04:26]} 30. b4 {[%clk 00:24:14]} {[%emt 00:06:29]} d4 {[%clk 00:36:52]}
{[%emt 00:04:01]} 31. Bc1 {[%clk 00:23:54]} {[%emt 00:00:51]} Ng8 {[%clk
00:34:41]} {[%emt 00:02:40]} 32. bxc5 {[%clk 00:22:55]} {[%emt 00:01:30]} bxc5
{[%clk 00:35:05]} {[%emt 00:00:06]} 33. Nd2 {[%clk 00:23:23]} {[%emt 00:00:02]}
Rc8 {[%clk 00:33:19]} {[%emt 00:02:15]} 34. Nb3 {[%clk 00:20:29]} {[%emt
00:03:24]} Bf8 {[%clk 00:32:59]} {[%emt 00:00:49]} 35. Qf3 {[%clk 00:19:56]}
{[%emt 00:01:04]} Nh6 {[%clk 00:33:06]} {[%emt 00:00:23]} 36. Qxc6 {[%clk
00:20:13]} {[%emt 00:00:14]} Ng4+ {[%clk 00:32:52]} {[%emt 00:00:43]} 37. Kg2
{[%clk 00:20:40]} {[%emt 00:00:03]} Rxc6 {[%clk 00:33:16]} {[%emt 00:00:06]} 38.
R1d2 {[%clk 00:18:48]} {[%emt 00:02:23]} Ra6 {[%clk 00:32:24]} {[%emt
00:01:21]} 39. Kf3 {[%clk 00:18:23]} {[%emt 00:00:55]} Kg8 {[%clk 00:28:27]}
{[%emt 00:04:27]} 40. Rc2 {[%clk 00:33:46]} {[%emt 00:00:08]} Rb7 {[%clk
00:41:53]} {[%emt 00:02:03]} 41. Bd2 {[%clk 00:33:48]} {[%emt 00:00:29]} Ra4
{[%clk 00:37:32]} {[%emt 00:04:51]} 42. Nc1 {[%clk 00:33:02]} {[%emt 00:01:17]}
Kf7 {[%clk 00:31:48]} {[%emt 00:06:13]} 43. Rb3 {[%clk 00:32:36]} {[%emt
00:00:57]} Rb6 {[%clk 00:31:43]} {[%emt 00:00:34]} 44. Ke2 {[%clk 00:30:21]}
{[%emt 00:02:45]} Be7 {[%clk 00:31:50]} {[%emt 00:00:22]} 45. Kf3 {[%clk
00:30:40]} {[%emt 00:00:12]} h5 {[%clk 00:31:35]} {[%emt 00:00:44]} 46. Ke2
{[%clk 00:30:55]} {[%emt 00:00:16]} Ke8 {[%clk 00:31:56]} {[%emt 00:00:08]} 47.
Kf3 {[%clk 00:31:12]} {[%emt 00:00:14]} Kd7 {[%clk 00:32:20]} {[%emt 00:00:05]}
48. Ke2 {[%clk 00:31:26]} {[%emt 00:00:17]} Kc6 {[%clk 00:32:29]} {[%emt
00:00:20]} 49. Kf3 {[%clk 00:31:41]} {[%emt 00:00:17]} Bd8 {[%clk 00:32:46]}
{[%emt 00:00:12]} 50. Ke2 {[%clk 00:31:27]} {[%emt 00:00:44]} Bc7 {[%clk
00:33:10]} {[%emt 00:00:06]} 51. Kf3 {[%clk 00:28:05]} {[%emt 00:03:54]} Rba6
{[%clk 00:33:14]} {[%emt 00:00:25]} 52. Rb5 {[%clk 00:27:58]} {[%emt 00:00:37]}
Rxc4 {[%clk 00:31:02]} {[%emt 00:02:42]} 53. Rcb2 {[%clk 00:27:42]} {[%emt
00:00:48]} Bb6 {[%clk 00:29:49]} {[%emt 00:01:41]} 54. Ke2 {[%clk 00:27:38]}
{[%emt 00:00:35]} Rca4 {[%clk 00:30:05]} {[%emt 00:00:14]} 55. Rb1 {[%clk
00:23:53]} {[%emt 00:04:16]} Ra3 {[%clk 00:30:13]} {[%emt 00:00:22]} 56. Be1
{[%clk 00:23:35]} {[%emt 00:00:48]} c4 {[%clk 00:29:23]} {[%emt 00:01:19]} 57.
R5b4 {[%clk 00:24:00]} {[%emt 00:00:07]} R6a4 {[%clk 00:29:26]} {[%emt
00:00:25]} 58. Rb5 {[%clk 00:23:55]} {[%emt 00:00:35]} d3+ {[%clk 00:27:38]}
{[%emt 00:02:18]} 59. Kf1 {[%clk 00:24:20]} {[%emt 00:00:06]} Ne3+ {[%clk
00:27:25]} {[%emt 00:00:42]} 60. Kg1 {[%clk 00:24:45]} {[%emt 00:00:05]} Nd5+
{[%clk 00:25:29]} {[%emt 00:02:25]} 0-1